Giáo trình di truyền học người = Dùng cho sinh viên ngành Sinh học, Y học, Sư phạm,... các trường đại học và cao đẳng
Nội dung bao gồm những vấn đề chính như: phương pháp nghiên cứu di truyền học người; nhiễm sắc thể và gen của người; phân tích sự di truyền tính trạng ở người; quần thể người; sự di truyền trong quần thể ngẫu phối; di truyền hóa s...
Shranjeno v:
| Glavni avtor: | |
|---|---|
| Format: | Knjiga |
| Jezik: | Undetermined |
| Izdano: |
Hà Nội
Khoa học và Kỹ thuật
2000
|
| Teme: | |
| Oznake: |
Označite
Brez oznak, prvi označite!
|
| Thư viện lưu trữ: | Trung tâm Học liệu Trường Đại học Cần Thơ |
|---|
| LEADER | 01168nam a2200205Ia 4500 | ||
|---|---|---|---|
| 001 | CTU_36690 | ||
| 008 | 210402s9999 xx 000 0 und d | ||
| 082 | |a 599.93 | ||
| 082 | |b M121 | ||
| 100 | |a Chu, Văn Mẫn | ||
| 245 | 0 | |a Giáo trình di truyền học người = | |
| 245 | 0 | |b Dùng cho sinh viên ngành Sinh học, Y học, Sư phạm,... các trường đại học và cao đẳng | |
| 245 | 0 | |c Chu Văn Mẫn, Nguyễn Trần Chiến, Trịnh Đình Đạt | |
| 260 | |a Hà Nội | ||
| 260 | |b Khoa học và Kỹ thuật | ||
| 260 | |c 2000 | ||
| 520 | |a Nội dung bao gồm những vấn đề chính như: phương pháp nghiên cứu di truyền học người; nhiễm sắc thể và gen của người; phân tích sự di truyền tính trạng ở người; quần thể người; sự di truyền trong quần thể ngẫu phối; di truyền hóa sinh. | ||
| 650 | |a genetics,heredity, human | ||
| 904 | |i Mai chuyển số PL từ 575.1 thành 599.93 chưa in nhãn | ||
| 980 | |a Trung tâm Học liệu Trường Đại học Cần Thơ | ||